Cartoon Redheads Quiz Stats

 Plays Quiz Updated Nov 28, 2015

Challenge
Share
Tweet
Score 0/20 Timer 04:00
0 Plays Today
% Correct
Daphne Blake
87%
Wilma Flintstone
85.9%
Lois Griffin
82.4%
Dexter
81.4%
Kim Possible
80.1%
Strawberry Shortcake
73.3%
Yosemite Sam
72.4%
Jane Jetson
71.8%
Sideshow Bob
70.5%
Chuckie Finster
70.3%
% Correct
Phineas Flynn
65%
Phillip J. Fry
63.5%
Pippi Longstocking
56%
Blossom
48.7%
Eliza Thornberry
46.9%
Kyle Broflovski
45.2%
Misty
38.9%
Vicky
37.8%
Ginger Foutley
22%
Frankie Foster
12.7%

You're not logged in!

Compare scores with friends on all Sporcle quizzes.
OR
Log In

You Might Also Like...

Show Comments

Extras

Top Quizzes Today


Score Distribution

Your Account Isn't Verified!

In order to create a playlist on Sporcle, you need to verify the email address you used during registration. Go to your Sporcle Settings to finish the process.

Report this User

Report this user for behavior that violates our Community Guidelines.

Details: